[Event "2nd Kolkata GM Open 2015"]
[Site "Kolkata IND"]
[Date "2015.03.20"]
[Round "5.10"]
[White "Abdulla, Al-Rakib"]
[Black "Gagare, Shardul"]
[Result "0-1"]
[WhiteTitle "GM"]
[BlackTitle "IM"]
[WhiteElo "2521"]
[BlackElo "2417"]
[WhiteFideId "10200444"]
[BlackFideId "5037883"]
[EventDate "2015.03.16"]

1. d4 Nf6 2. Nf3 d5 3. Bf4 c5 4. e3 Nc6 5. c3 Qb6 6. Qb3 c4 7. Qc2 Bf5 8. Qc1 e6
9. Nbd2 h6 10. h3 Be7 11. Be2 O-O 12. O-O Rfc8 13. Bd1 Qd8 14. Bc2 b5 15. Re1 b4
16. e4 dxe4 17. Nxe4 Nd5 18. Bd2 Rab8 19. Ng3 bxc3 20. bxc3 Bxc2 21. Qxc2 Qa5
22. Re4 Nf6 23. Rh4 Rb5 24. Re1 Rcb8 25. Ne5 Nxe5 26. dxe5 Nd7 27. Rxc4 Rb2 28.
Qd1 Nxe5 29. Ra4 Qb5 30. c4 Nxc4 31. Bc3 Rb1 32. Qxb1 Qxb1 33. Rxb1 Rxb1+ 34.
Kh2 Nb6 35. Nh5 Nxa4 0-1

[Event "2nd Kolkata GM Open 2015"]
[Site "Kolkata IND"]
[Date "2015.03.20"]
[Round "5.11"]
[White "Wang, Chen"]
[Black "Ravi, Teja S."]
[Result "1-0"]
[WhiteTitle "IM"]
[WhiteElo "2500"]
[BlackElo "2401"]
[WhiteFideId "8601020"]
[BlackFideId "5017220"]
[EventDate "2015.03.16"]

1. e4 c6 2. d3 d5 3. Nd2 e5 4. Ngf3 Bd6 5. g3 Nf6 6. Bg2 O-O 7. O-O Qc7 8. Re1
Re8 9. h3 Nbd7 10. Nh4 Nc5 11. Kh2 a5 12. Qf3 Qd8 13. Nf1 d4 14. Nf5 Ne6 15. g4
Bb8 16. N1g3 Nf4 17. Ne2 Nxe2 18. Rxe2 Nd5 19. Ng3 Nf4 20. Re1 Qh4 21. c3 c5 22.
cxd4 cxd4 23. Bd2 g6 24. Ne2 Ne6 25. Ng1 Bd7 26. a4 Nc5 27. Ra3 Bd6 28. Qd1 Ne6
29. Ra1 Qxf2 30. Nf3 Nf4 31. Bxf4 exf4 32. e5 Bb4 33. Re2 Qg3+ 34. Kh1 Bc6 35.
Qf1 Kg7 36. Rf2 h5 37. gxh5 Rh8 38. Ng1 Rxh5 39. Bxc6 bxc6 40. Rxf4 Rf8 41. Qf3
Qxf3+ 42. Nxf3 Rxh3+ 43. Kg2 Rh5 44. Rxd4 Rf5 45. Rh1 Rb8 46. Rdh4 Rh5 47. Rxh5
gxh5 48. Rxh5 Be7 49. Nd4 Rxb2+ 50. Kf3 c5 51. Nc6 Kg6 52. Rh8 Bg5 53. Ke4 Ra2
54. Rg8+ Kh6 55. Nxa5 Rxa4+ 56. Nc4 Be7 57. Kf5 Ra7 58. Nb6 Rb7 59. Nd5 Rd7 60.
Nxe7 Rxe7 61. Kf6 Kh7 1-0

[Event "2nd Kolkata GM Open 2015"]
[Site "Kolkata IND"]
[Date "2015.03.20"]
[Round "5.12"]
[White "Shyam, Sundar M."]
[Black "Kulkarni, Rakesh"]
[Result "1-0"]
[WhiteTitle "GM"]
[WhiteElo "2491"]
[BlackElo "2282"]
[WhiteFideId "5019141"]
[BlackFideId "5037077"]
[EventDate "2015.03.16"]

1. e4 c6 2. d4 g6 3. Nc3 Bg7 4. Nf3 d5 5. h3 dxe4 6. Nxe4 Nf6 7. Nxf6+ exf6 8.
Bc4 O-O 9. O-O Nd7 10. Re1 Nb6 11. Bb3 Qc7 12. a4 Bf5 13. Nh4 Bd7 14. a5 Nd5 15.
c4 Nf4 16. d5 cxd5 17. cxd5 Qd6 18. Qf3 Bh6 19. Re4 g5 20. Bxf4 gxf4 21. Qh5 Bg5
22. Rae1 h6 23. Ng6 f5 24. Nxf8 fxe4 25. Nxd7 Qxd7 26. h4 Bf6 27. Qxh6 Qf5 28.
Bc2 Re8 29. Rxe4 Rxe4 30. Bxe4 Qxe4 31. Qxf6 Qe1+ 32. Kh2 Qxf2 33. Qg5+ Kh7 34.
d6 f3 35. Qf5+ Kg7 36. Qg4+ Kf8 37. Qc8+ Kg7 38. Qc3+ Kg8 39. Qxf3 Qxh4+ 40. Qh3
Qd4 41. d7 Kf8 42. Qa3+ Kg7 43. Qc3 1-0

[Event "2nd Kolkata GM Open 2015"]
[Site "Kolkata IND"]
[Date "2015.03.20"]
[Round "5.13"]
[White "Abhishek, Kelkar"]
[Black "Kunte, Abhijit"]
[Result "1/2-1/2"]
[BlackTitle "GM"]
[WhiteElo "2343"]
[BlackElo "2485"]
[WhiteFideId "5019257"]
[BlackFideId "5002265"]
[EventDate "2015.03.16"]

1. d4 d5 2. c4 e6 3. Nf3 Nf6 4. g3 Bb4+ 5. Bd2 Bxd2+ 6. Nbxd2 O-O 7. Bg2 Qe7 8.
O-O c5 9. dxc5 Na6 10. cxd5 exd5 11. Nb3 Nxc5 12. Nxc5 Qxc5 13. Qd4 Qxd4 14.
Nxd4 Be6 15. Rac1 Rfc8 16. e3 Rxc1 17. Rxc1 Rc8 18. Rxc8+ Bxc8 19. Kf1 a6 20.
Ke2 Kf8 21. h3 h5 22. h4 Ke7 23. Bf3 Kd6 24. Kd3 g6 25. a3 Bg4 26. Bxg4 Nxg4 27.
Ke2 Nf6 28. Kd3 Ng4 29. Ke2 Nf6 30. Kd3 Ng4 1/2-1/2

[Event "2nd Kolkata GM Open 2015"]
[Site "Kolkata IND"]
[Date "2015.03.20"]
[Round "5.14"]
[White "Gusain, Himal"]
[Black "Kostenko, Petr"]
[Result "0-1"]
[BlackTitle "GM"]
[WhiteElo "2343"]
[BlackElo "2466"]
[WhiteFideId "5033861"]
[BlackFideId "13700669"]
[EventDate "2015.03.16"]

1. e4 c5 2. f4 d5 3. exd5 Nf6 4. Bb5+ Bd7 5. Bxd7+ Qxd7 6. c4 e6 7. Qe2 Bd6 8.
dxe6 fxe6 9. d3 Nc6 10. Nf3 O-O 11. O-O Rae8 12. Nc3 e5 13. f5 Nd4 14. Qd1 Nxf5
15. Bg5 Ng4 16. Qe1 e4 17. Nxe4 h6 18. Bd2 Bc7 19. Rd1 Qxd3 20. Bf4 Qxf1+ 21.
Qxf1 Bxf4 22. Qd3 Be3+ 23. Kf1 Nxh2+ 24. Ke1 Ng4 25. Qd5+ Kh8 26. Rd3 Bf4 27.
Nd2 b6 28. Rf3 Bg3+ 29. Ke2 Nd4+ 30. Kd3 Nxf3 31. gxf3 Rd8 32. fxg4 Bb8 33. b4
cxb4 34. Nb3 Be5 35. Nd4 Rxd5 36. cxd5 Bxd4 37. Kxd4 g6 38. d6 a5 39. Kd5 a4 40.
Ke6 b3 41. axb3 axb3 42. Ke7 Rf4 43. Nf6 Rd4 44. Ne8 Kh7 0-1

[Event "2nd Kolkata GM Open 2015"]
[Site "Kolkata IND"]
[Date "2015.03.20"]
[Round "5.15"]
[White "Vijayalakshmi, Subbaraman"]
[Black "Ortiz Suarez, Isan Reynaldo"]
[Result "1/2-1/2"]
[WhiteTitle "IM"]
[BlackTitle "GM"]
[WhiteElo "2319"]
[BlackElo "2625"]
[WhiteFideId "5004098"]
[BlackFideId "3507165"]
[EventDate "2015.03.16"]

1. d4 f5 2. g3 Nf6 3. Bg2 g6 4. b3 Bg7 5. Bb2 O-O 6. Nf3 Ne4 7. Qc1 d5 8. O-O
Nc6 9. Nbd2 e6 10. Ne5 Nxe5 11. dxe5 c6 12. Nxe4 fxe4 13. f3 exf3 14. exf3 b6
15. f4 Ba6 16. Rf2 c5 17. c4 d4 18. Bxa8 Qxa8 19. Qf1 Qc6 20. Qg2 Qd7 21. h4 Bb7
22. Qh3 Qc6 23. Re1 Rf7 24. Bc1 h5 25. Qg2 Qd7 26. Qf1 a6 27. Kh2 b5 28. Rc2 Bf8
29. Ba3 b4 30. Bc1 a5 31. Qd3 Kh7 32. a4 bxa3 33. Ra2 Qc6 34. Rg1 a4 35. bxa4
Qxa4 36. Rxa3 Qc6 37. Bd2 Bg7 38. Rb3 Ba8 39. Ra3 Bb7 40. Rb3 Ba6 41. Ra3 Bc8
42. Raa1 Bb7 43. Ba5 Ba8 44. Rab1 Ra7 45. Rb5 Bf8 46. Qd2 Qf3 47. Rb2 Be7 48.
Ra2 Be4 49. Rga1 Kg7 50. Ra3 d3 51. Bb4 Rxa3 52. Bxa3 Kf7 53. Rg1 Bf5 54. Qg2
Qe3 55. Bc1 Qd4 56. Qa2 Bg4 57. Re1 Bf3 58. Be3 Qe4 59. Qf2 Bg4 60. Qa2 Kf8 61.
Kg1 Ke8 62. Kh2 Kf7 63. Kg1 Bd1 64. Rxd1 Qxe3+ 65. Qf2 Qe4 66. Qf1 Qxc4 67. Qxd3
Qa4 68. Rc1 Qa7 69. Kg2 Qb7+ 70. Kf2 Qb2+ 71. Rc2 Qb1 72. Kg2 Qb7+ 73. Kh2 Qb4
74. Qc4 Qe1 75. Ra2 Qd1 76. Qc2 Qd5 77. Ra7 Qd4 78. Kh3 Qd5 79. Qg2 Qd1 80. Rc7
Qd3 81. Qa2 Qf3 82. Kh2 Qe4 83. Rd7 Ke8 84. Rd2 Kf7 85. Qc2 Qc6 86. Qc4 Qf3 87.
Qd3 Qc6 88. Qc3 Qe4 89. Qc2 Qc6 90. Rd3 Qe4 91. Rc3 Qd4 92. Kg2 Qd5+ 93. Kf2 Qh1
94. Qc1 Qd5 95. Rc2 Qe4 96. Re2 Qb4 97. Qd2 Qb5 98. f5 gxf5 99. Qh6 c4 100.
Qxh5+ Kg7 101. Kg2 c3 102. Qf3 Qc4 103. Rc2 Bb4 104. Qf4 Qd3 105. Qg5+ Kh7 106.
Qh5+ Kg7 107. Qg5+ Kh7 108. Qh5+ Kg7 109. Qe2 Qd4 110. Kh2 Bc5 111. Qf3 Qg1+
112. Kh3 Bd4 113. Re2 Qd1 114. Qg2 Qd3 115. Kh2 Kh6 116. Kh1 Kg6 117. Kh2 Kh6
118. Kh1 Qd1+ 119. Kh2 Bg1+ 120. Kh3 c2 121. Qc6 Qxe2 122. Qxe6+ Kg7 123. Qe7+ 1/2-1/2

[Event "2nd Kolkata GM Open 2015"]
[Site "Kolkata IND"]
[Date "2015.03.20"]
[Round "5.16"]
[White "Sandipan, Chanda"]
[Black "Visakh, NR"]
[Result "1-0"]
[WhiteTitle "GM"]
[WhiteElo "2569"]
[BlackElo "2389"]
[WhiteFideId "5004225"]
[BlackFideId "25012223"]
[EventDate "2015.03.16"]

1. d4 Nf6 2. c4 e6 3. Nc3 Bb4 4. e3 O-O 5. Bd2 d5 6. Nf3 c5 7. a3 cxd4 8. axb4
dxc3 9. Bxc3 dxc4 10. Bxc4 Qxd1+ 11. Rxd1 Bd7 12. Ne5 Rc8 13. Be2 Ba4 14. Ra1
Be8 15. Nc4 Nbd7 16. Nd6 Rcb8 17. Bf3 Nd5 18. Bxd5 exd5 19. Nf5 f6 20. Ne7+ Kf8
21. Nxd5 Rc8 22. O-O Nb6 23. Nf4 Kf7 24. Bd4 Bc6 25. Rfc1 h6 26. f3 Nd5 27. b5
Nxf4 28. bxc6 Ne6 29. cxb7 Rxc1+ 30. Rxc1 Rb8 31. Rc8 Rxb7 32. Bc3 Nc7 33. Kf2
Nb5 34. Ba5 Ke6 35. b4 Nd6 36. Rc5 f5 37. h4 g6 38. Ke2 Rg7 39. Kd3 Rd7 40. Rc7
g5 41. Rxd7 Kxd7 42. hxg5 hxg5 43. Kd4 Ke6 44. Kc5 g4 45. Bc7 gxf3 46. gxf3 Nc8
47. b5 Kd7 48. Bb8 Nb6 49. Bxa7 Na4+ 50. Kd4 Kc7 51. Ke5 Nc3 52. b6+ Kc6 53.
Kxf5 Nd5 54. e4 Ne3+ 55. Ke5 Nc4+ 56. Kd4 Nd6 57. f4 1-0

[Event "2nd Kolkata GM Open 2015"]
[Site "Kolkata IND"]
[Date "2015.03.20"]
[Round "5.17"]
[White "Harsha, Bharathakoti"]
[Black "Kotsur, Pavel"]
[Result "1/2-1/2"]
[BlackTitle "GM"]
[WhiteElo "2301"]
[BlackElo "2567"]
[WhiteFideId "5078776"]
[BlackFideId "13700278"]
[EventDate "2015.03.16"]

1. d4 Nf6 2. c4 e6 3. Nc3 Bb4 4. Qc2 O-O 5. Nf3 d6 6. Bd2 c5 7. a3 Ba5 8. dxc5
dxc5 9. O-O-O Qe7 10. Bg5 Rd8 11. Rxd8+ Bxd8 12. e3 Nbd7 13. Bd3 h6 14. Bh4 a6
15. Rd1 Bc7 16. Ne4 Rb8 17. Bg3 Bxg3 18. hxg3 Nxe4 19. Bxe4 b5 20. Bc6 Nf8 21.
Ne5 Qc7 22. f4 bxc4 23. Be8 f6 24. Nxc4 Bb7 25. Ba4 f5 26. Nd6 Ba8 27. Bb3 Kh8
28. Qc3 Bxg2 29. Bc4 Bd5 30. Bxd5 Qxd6 31. Bc4 Qc6 32. Qe5 Re8 33. Rd6 Qh1+ 34.
Kc2 Qg2+ 35. Kb1 Qxg3 36. Bxa6 Qe1+ 37. Ka2 Qa5 38. b4 Qa4 39. Qxc5 Rb8 40. Qc6
Rxb4 41. Qxa4 Rxa4 42. Bb5 Ra7 43. a4 g5 44. fxg5 hxg5 45. Kb3 Kg7 46. Kb4 Kf6
47. a5 g4 48. a6 g3 49. Ka5 Ke5 50. Rd8 Rg7 51. Rd1 Ke4 52. Kb6 Kxe3 53. a7 Rxa7
54. Kxa7 e5 55. Re1+ Kf4 56. Rf1+ Kg5 57. Kb6 Ne6 58. Bc4 Nf4 59. Kc5 Nh3 60.
Bd5 e4 61. Kd4 g2 62. Re1 g1=Q+ 63. Rxg1+ Nxg1 64. Bxe4 f4 65. Kd3 Kg4 66. Bb7
Kg3 67. Ba8 Kf2 68. Ke4 Nh3 69. Kd3 Ng5 70. Bb7 1/2-1/2

[Event "2nd Kolkata GM Open 2015"]
[Site "Kolkata IND"]
[Date "2015.03.20"]
[Round "5.18"]
[White "Rakesh, Kumar Jena"]
[Black "Oral, Tomas"]
[Result "1/2-1/2"]
[WhiteTitle "FM"]
[BlackTitle "GM"]
[WhiteElo "2299"]
[BlackElo "2519"]
[WhiteFideId "5084822"]
[BlackFideId "303739"]
[EventDate "2015.03.16"]

1. e4 c5 2. Nf3 e6 3. d4 cxd4 4. Nxd4 a6 5. Bd3 Bc5 6. Nb3 Ba7 7. O-O Ne7 8. Bf4
d5 9. Nc3 d4 10. Ne2 Nbc6 11. Bg3 e5 12. f4 exf4 13. Nxf4 O-O 14. Qh5 Bb8 15. e5
Ng6 16. e6 Bxe6 17. Nxe6 fxe6 18. Bxg6 hxg6 19. Qxg6 Bxg3 20. Qxe6+ Kh7 21. hxg3
Qg5 22. Qe4+ Qg6 23. Qxg6+ Kxg6 24. Rfd1 Rae8 25. Re1 Re3 26. Rad1 Rfe8 27. Rxe3
dxe3 28. c3 Kg5 29. Nc5 Kg4 30. Nxb7 e2 31. Re1 Rb8 32. Nc5 Rxb2 33. Kf2 Rxa2
34. Rxe2 Rxe2+ 35. Kxe2 Kxg3 36. Nxa6 Kxg2 37. Nc5 g5 38. Ne4 g4 39. Nf6 g3 40.
Ne4 Kh2 41. Nxg3 Kxg3 1/2-1/2

[Event "2nd Kolkata GM Open 2015"]
[Site "Kolkata IND"]
[Date "2015.03.20"]
[Round "5.19"]
[White "Chakravarthi Reddy, M"]
[Black "Rahman, Ziaur"]
[Result "0-1"]
[WhiteTitle "IM"]
[BlackTitle "GM"]
[WhiteElo "2283"]
[BlackElo "2496"]
[WhiteFideId "25009532"]
[BlackFideId "10200037"]
[EventDate "2015.03.16"]

1. d4 d5 2. Nf3 Nf6 3. e3 c6 4. c4 e6 5. Nc3 Nbd7 6. cxd5 exd5 7. g3 Bd6 8. Bg2
O-O 9. O-O Re8 10. Qc2 Nb6 11. Nh4 Bf8 12. f3 Qd7 13. g4 g6 14. g5 Nh5 15. f4
Qd8 16. f5 Qxg5 17. Qf2 gxf5 18. e4 f4 19. Kh1 Be7 20. Nf3 Qh6 21. Rg1 Kf8 22.
exd5 cxd5 23. Re1 Be6 24. b3 Rac8 25. Bd2 Nd7 26. Rac1 a6 27. Bf1 Kg7 28. Bd3
Kh8 29. Nh4 Rg8 30. Ne2 Rxc1 31. Bxc1 Bg5 32. Rf1 Ndf6 0-1

[Event "2nd Kolkata GM Open 2015"]
[Site "Kolkata IND"]
[Date "2015.03.20"]
[Round "5.20"]
[White "Ankit, R. Rajpara"]
[Black "Laxman, R.R."]
[Result "1/2-1/2"]
[WhiteTitle "GM"]
[BlackTitle "GM"]
[WhiteElo "2477"]
[BlackElo "2375"]
[WhiteFideId "5023335"]
[BlackFideId "5005361"]
[EventDate "2015.03.16"]

1. d4 Nf6 2. c4 e6 3. Nf3 b6 4. g3 Bb7 5. Bg2 Be7 6. O-O O-O 7. Re1 c5 8. d5
exd5 9. Nh4 Ne4 10. cxd5 Bxh4 11. Bxe4 Bf6 12. Nc3 d6 13. a4 Na6 14. Bf4 Qe7 15.
Bg2 Nb4 16. Qd2 h6 17. e4 Rad8 18. a5 Ba6 19. axb6 axb6 20. Ra4 Bc4 21. Rea1 b5
22. Ra5 Nd3 23. Be3 Nxb2 24. Qxb2 b4 25. Bd2 Rb8 26. Qc2 bxc3 27. Bxc3 Bxc3 28.
Qxc3 Rb4 29. h4 Rfb8 30. Ra8 Qd8 31. Rxb8 Qxb8 32. Kh2 Be2 33. e5 Bg4 34. exd6
Qxd6 35. Ra8+ Kh7 36. Qc2+ g6 37. Qc3 Rd4 38. Ra7 Bd7 39. Kg1 Rd1+ 40. Kh2 Rd4
41. Kg1 Rd1+ 42. Kh2 Rd4 43. Kg1 1/2-1/2

[Event "2nd Kolkata GM Open 2015"]
[Site "Kolkata IND"]
[Date "2015.03.21"]
[Round "6.1"]
[White "Ganguly, Surya Shekhar"]
[Black "Swapnil, S. Dhopade"]
[Result "1-0"]
[WhiteTitle "GM"]
[BlackTitle "IM"]
[WhiteElo "2603"]
[BlackElo "2450"]
[WhiteFideId "5002150"]
[BlackFideId "5019184"]
[EventDate "2015.03.16"]

1. e4 c6 2. d4 d5 3. e5 Bf5 4. Nf3 e6 5. Be2 Nd7 6. O-O Ne7 7. Nbd2 h6 8. Nb3
Bh7 9. Bd2 Ng6 10. c4 Be7 11. cxd5 cxd5 12. Na5 Rb8 13. Qb3 O-O 14. Rfe1 f6 15.
exf6 Rxf6 16. Bf1 Bd6 17. Rac1 Qb6 18. Qb5 Ngf8 19. Nb3 Qxb5 20. Bxb5 Be4 21.
Ne5 Bxe5 22. dxe5 Nxe5 23. Bc3 Nfg6 24. Nc5 Rf5 25. Nxe4 dxe4 26. Rxe4 Nf3+ 27.
gxf3 Rxb5 28. Rxe6 Rg5+ 29. Kf1 Rd8 30. Re4 b6 31. Rce1 Rd7 32. Rg4 Kf7 33. Ree4
Rf5 34. Rd4 Rdd5 35. Rxd5 Rxd5 36. Rc4 Rd7 37. a4 Ke6 38. Kg2 Kf5 39. Kg3 Rd1
40. h3 Rg1+ 41. Kh2 Rf1 42. Bxg7 h5 43. Bd4 Rd1 44. Rb4 h4 45. Be3 Ra1 46. Kg2
Rb1 47. Rb5+ Ke6 48. Bg5 Ne5 49. f4 Nd3 50. f5+ Kf7 51. Kf3 Rxb2 52. Rd5 Nxf2
53. Rd7+ Ke8 54. Re7+ Kf8 55. f6 Nxh3 56. Bh6+ 1-0

[Event "2nd Kolkata GM Open 2015"]
[Site "Kolkata IND"]
[Date "2015.03.21"]
[Round "6.2"]
[White "Kokarev, Dmitry"]
[Black "Short, Nigel D"]
[Result "0-1"]
[WhiteTitle "GM"]
[BlackTitle "GM"]
[WhiteElo "2638"]
[BlackElo "2664"]
[WhiteFideId "4132181"]
[BlackFideId "400025"]
[EventDate "2015.03.16"]

1. e4 e5 2. Nf3 Nc6 3. Bb5 a6 4. Ba4 Nf6 5. O-O Nxe4 6. d4 b5 7. Bb3 d5 8. dxe5
Be6 9. Be3 Be7 10. c3 O-O 11. Nbd2 Qd7 12. Bc2 Nxd2 13. Qxd2 Bg4 14. Qd3 g6 15.
Bh6 Rfe8 16. Rfe1 Bf5 17. Qd2 Bxc2 18. Qxc2 Nd8 19. Rad1 Ne6 20. h4 c5 21. h5
Rad8 22. a4 bxa4 23. Ra1 Rb8 24. Bc1 Rb6 25. Rd1 Rd8 26. Rxa4 gxh5 27. Ra5 Ng7
28. Bg5 Rg6 29. Bxe7 Qxe7 30. Qa4 Rg4 31. Qc6 Ne6 32. Kf1 d4 33. cxd4 cxd4 34.
Rxa6 h4 35. Ra8 Rxa8 36. Qxa8+ Kg7 37. Qd5 Qb4 38. b3 Qc3 39. Qc4 h3 40. Qxc3
hxg2+ 41. Ke2 Nf4+ 42. Kd2 dxc3+ 43. Kxc3 Ne2+ 44. Kd3 g1=Q 45. Nxg1 Nxg1 46.
Ke3 h5 47. f3 Rg2 0-1

[Event "2nd Kolkata GM Open 2015"]
[Site "Kolkata IND"]
[Date "2015.03.21"]
[Round "6.3"]
[White "Shyam, Sundar M."]
[Black "Lu, Shanglei"]
[Result "0-1"]
[WhiteTitle "GM"]
[BlackTitle "GM"]
[WhiteElo "2491"]
[BlackElo "2570"]
[WhiteFideId "5019141"]
[BlackFideId "8603332"]
[EventDate "2015.03.16"]

1. d4 d5 2. c4 e6 3. Nc3 Nf6 4. cxd5 exd5 5. Bg5 c6 6. e3 Bf5 7. Bd3 Bxd3 8.
Qxd3 Nbd7 9. Nge2 Be7 10. O-O O-O 11. f3 Nh5 12. Bxe7 Qxe7 13. g4 Nhf6 14. Ng3
g6 15. Rae1 Nb6 16. Re2 Rad8 17. h4 Ne8 18. h5 Ng7 19. Rh2 Rfe8 20. Nd1 c5 21.
dxc5 Qxc5 22. b3 Nd7 23. f4 Nf6 24. Rc2 Qb6 25. h6 Ne6 26. g5 Ng4 27. Kg2 Qd6
28. Kh3 f5 29. Nxf5 gxf5 30. Qxf5 Nxe3 31. Nxe3 Nd4 32. Qxd5+ Qxd5 33. Nxd5 Rxd5
34. Rc7 Nf5 35. Rf3 Re7 36. Rxe7 Nxe7 37. Kg4 Rd4 38. Rc3 Rxf4+ 39. Kxf4 Nd5+
40. Ke5 Nxc3 41. a4 Kf7 42. Kd6 a5 43. Kc5 Kg6 44. Kb6 Kxg5 45. Kxa5 Kxh6 46.
Kb6 Kg5 47. Kxb7 h5 48. a5 h4 49. a6 Nb5 50. Kb6 h3 51. Kxb5 h2 52. Kb6 h1=Q 53.
b4 Kf6 54. b5 Qa8 55. Kc7 Ke7 56. b6 Qxa6 57. b7 Qd6+ 0-1

[Event "2nd Kolkata GM Open 2015"]
[Site "Kolkata IND"]
[Date "2015.03.21"]
[Round "6.4"]
[White "Stupak, Kirill"]
[Black "Kostenko, Petr"]
[Result "1-0"]
[WhiteTitle "GM"]
[BlackTitle "GM"]
[WhiteElo "2567"]
[BlackElo "2466"]
[WhiteFideId "13503758"]
[BlackFideId "13700669"]
[EventDate "2015.03.16"]

1. d4 e6 2. g3 f5 3. Bg2 Nf6 4. Nf3 d5 5. O-O Be7 6. c4 O-O 7. Qc2 c6 8. Nbd2
Ne4 9. Ne5 b6 10. cxd5 cxd5 11. Nxe4 dxe4 12. Qc4 Qd5 13. f3 Qxc4 14. Nxc4 Ba6
15. Ne5 Bxe2 16. Re1 Bb5 17. fxe4 Bb4 18. Rd1 Nc6 19. a4 Nxe5 20. axb5 Ng4 21.
Ra4 Be7 22. exf5 exf5 23. Bxa8 Rxa8 24. Bf4 g5 25. Bd2 Rd8 26. h3 Nh6 27. Rxa7
Bf6 28. Bc3 Nf7 29. Rb7 Nd6 30. Rxb6 Ne4 31. Rc6 Be5 32. b6 Bxg3 33. b7 Nd6 34.
Ba5 Re8 35. Bc7 1-0

[Event "2nd Kolkata GM Open 2015"]
[Site "Kolkata IND"]
[Date "2015.03.21"]
[Round "6.5"]
[White "Gagare, Shardul"]
[Black "Lalith, Babu M.R."]
[Result "1-0"]
[WhiteTitle "IM"]
[BlackTitle "GM"]
[WhiteElo "2417"]
[BlackElo "2556"]
[WhiteFideId "5037883"]
[BlackFideId "5024595"]
[EventDate "2015.03.16"]

1. d4 Nf6 2. c4 e6 3. Nf3 b6 4. g3 Bb7 5. Bg2 Be7 6. Nc3 O-O 7. d5 Bb4 8. O-O
Bxc3 9. bxc3 d6 10. Re1 Re8 11. Nh4 Qc8 12. e4 Nbd7 13. f4 exd5 14. cxd5 c6 15.
c4 cxd5 16. cxd5 Nc5 17. Bb2 Ncxe4 18. Rc1 Qd7 19. g4 Qb5 20. Qd4 Qxd5 21. g5
Qxd4+ 22. Bxd4 Nh5 23. Rc7 Bd5 24. Nf5 Nxf4 25. Ne7+ Kf8 26. Nxd5 Nxd5 27. Rcc1
f5 28. gxf6 Ndxf6 29. Bxf6 Nxf6 30. Bxa8 Rxa8 31. Rc7 Nd5 32. Rd7 h6 33. Rxd6
Nf4 34. Re4 Nh3+ 35. Kg2 Ng5 36. Ra4 Rc8 37. h4 Rc2+ 38. Kg3 Rc3+ 39. Kg4 Nf7
40. Re6 Rc7 41. Rae4 Rc8 42. Kf5 g5 43. Kg6 Nh8+ 44. Kh7 Kf7 45. h5 g4 46. Rxh6
g3 47. Rg4 Ke7 48. Rxg3 Nf7 49. Re3+ 1-0

[Event "2nd Kolkata GM Open 2015"]
[Site "Kolkata IND"]
[Date "2015.03.21"]
[Round "6.6"]
[White "Deepan, Chakkravarthy J."]
[Black "Wang, Chen"]
[Result "0-1"]
[WhiteTitle "GM"]
[BlackTitle "IM"]
[WhiteElo "2476"]
[BlackElo "2500"]
[WhiteFideId "5011132"]
[BlackFideId "8601020"]
[EventDate "2015.03.16"]

1. d4 Nf6 2. c4 e6 3. g3 Bb4+ 4. Bd2 Qe7 5. Bg2 Bxd2+ 6. Nxd2 O-O 7. e4 d6 8. e5
dxe5 9. dxe5 Nfd7 10. Qe2 Qb4 11. Nf3 Qxb2 12. Rb1 Qa3 13. Ng5 h6 14. h4 Qc3 15.
f4 Qxg3+ 16. Kd1 Nc5 17. Nge4 Nxe4 18. Bxe4 Bd7 19. Bc2 Nc6 20. Qe4 f5 21. exf6
Rxf6 22. Rxb7 Rc8 23. Rf1 Ne7 24. Qh7+ Kf8 25. f5 exf5 26. h5 Rd8 27. Kc1 Be6
28. Ne4 Qe3+ 29. Kb1 Bg8 0-1

[Event "2nd Kolkata GM Open 2015"]
[Site "Kolkata IND"]
[Date "2015.03.21"]
[Round "6.7"]
[White "Lin, Chen"]
[Black "Quesada Perez, Yuniesky"]
[Result "1/2-1/2"]
[WhiteTitle "IM"]
[BlackTitle "GM"]
[WhiteElo "2448"]
[BlackElo "2637"]
[WhiteFideId "8602298"]
[BlackFideId "3504409"]
[EventDate "2015.03.16"]

1. e4 c5 2. Nf3 e6 3. d4 cxd4 4. Nxd4 Nc6 5. Nc3 Qc7 6. Be2 Nf6 7. O-O Be7 8.
Be3 O-O 9. f4 d6 10. Qe1 Nxd4 11. Bxd4 e5 12. fxe5 dxe5 13. Qg3 Bc5 14. Bxc5
Qxc5+ 15. Kh1 Kh8 16. Rxf6 gxf6 17. Qh4 Rg8 18. Qxf6+ Rg7 19. Qd8+ Rg8 20. Qf6+
Rg7 21. Rd1 Be6 22. Rd8+ Rxd8 23. Qxd8+ Rg8 24. Qf6+ 1/2-1/2

[Event "2nd Kolkata GM Open 2015"]
[Site "Kolkata IND"]
[Date "2015.03.21"]
[Round "6.8"]
[White "Gopal, G.N."]
[Black "Narayanan, Srinath"]
[Result "1-0"]
[WhiteTitle "GM"]
[BlackTitle "IM"]
[WhiteElo "2575"]
[BlackElo "2459"]
[WhiteFideId "5015693"]
[BlackFideId "5018420"]
[EventDate "2015.03.16"]

1. e4 e5 2. Nf3 Nc6 3. Bb5 a6 4. Ba4 Nf6 5. O-O Be7 6. Re1 b5 7. Bb3 d6 8. c3
O-O 9. h3 Bb7 10. d4 Re8 11. Nbd2 exd4 12. cxd4 Nd7 13. Nf1 Na5 14. Bc2 Bf6 15.
Bf4 Nf8 16. Ng3 g6 17. b3 c5 18. d5 Bxa1 19. Qxa1 f6 20. Nh2 Bc8 21. Bc1 Ra7 22.
Bb2 Rf7 23. f4 b4 24. Rf1 c4 25. Bd4 Qc7 26. Qd1 Bd7 27. f5 cxb3 28. axb3 Rc8
29. Bd3 Bb5 30. Ng4 Bxd3 31. Qxd3 Qc2 32. Qxa6 Nxb3 33. Nh6+ Kg7 34. Nxf7 Nxd4
35. Nxd6 Qc7 36. Nxc8 1-0

[Event "2nd Kolkata GM Open 2015"]
[Site "Kolkata IND"]
[Date "2015.03.21"]
[Round "6.9"]
[White "Swayams, Mishra"]
[Black "Sandipan, Chanda"]
[Result "0-1"]
[WhiteTitle "IM"]
[BlackTitle "GM"]
[WhiteElo "2440"]
[BlackElo "2569"]
[WhiteFideId "5028183"]
[BlackFideId "5004225"]
[EventDate "2015.03.16"]

1. d4 d5 2. c4 c6 3. Nf3 Nf6 4. Nc3 e6 5. Bg5 h6 6. Bxf6 Qxf6 7. e3 g6 8. Bd3
Bg7 9. O-O O-O 10. Ne5 Nd7 11. f4 dxc4 12. Bxc4 Qe7 13. Ne4 Nf6 14. Qf3 Nxe4 15.
Qxe4 Bd7 16. Rac1 Rad8 17. Bb3 Be8 18. Rf2 Kh7 19. h3 f6 20. Nf3 Bf7 21. h4 Kh8
22. Rfc2 f5 23. Qd3 e5 24. fxe5 Bxe5 25. h5 Bg3 26. Rc5 g5 27. d5 g4 28. Nd4 Qh4
29. Nxf5 Qh2+ 30. Kf1 Be6 31. e4 Bxf5 32. exf5 Qh1+ 33. Ke2 Rfe8+ 0-1

[Event "2nd Kolkata GM Open 2015"]
[Site "Kolkata IND"]
[Date "2015.03.21"]
[Round "6.10"]
[White "Himanshu, Sharma"]
[Black "Sengupta, Deep"]
[Result "0-1"]
[WhiteTitle "IM"]
[BlackTitle "GM"]
[WhiteElo "2432"]
[BlackElo "2567"]
[WhiteFideId "5007836"]
[BlackFideId "5008352"]
[EventDate "2015.03.16"]

1. e4 e6 2. d4 d5 3. Nd2 Nf6 4. e5 Nfd7 5. c3 c5 6. f4 Nc6 7. Ndf3 cxd4 8. cxd4
a5 9. Bd3 Nb6 10. Ne2 a4 11. O-O g6 12. Nc3 Bd7 13. Be3 a3 14. b3 Nb4 15. Rc1
Nxd3 16. Qxd3 Bc6 17. Rc2 Be7 18. h3 Nc8 19. g4 Qd7 20. f5 exf5 21. gxf5 Qxf5
22. Qxf5 gxf5 23. Rg2 Bb4 24. Ne2 Ne7 25. Nh4 Bb5 26. Nxf5 Nxf5 27. Rxf5 Bd3 28.
Rff2 Rc8 29. Rg7 Bf8 30. Rg3 Be7 31. Bg5 Bxe2 32. Bxe7 Rc1+ 33. Kg2 Kxe7 34.
Rxe2 Rd1 35. Rc3 Rd8 36. Rf2 Rxd4 37. Rc7+ Rd7 38. Rxf7+ Kxf7 39. Rxd7+ Ke6 40.
Rxb7 Rd2+ 41. Kf3 Rxa2 42. Rxh7 Ra1 43. Ra7 a2 44. Kg2 d4 0-1